| 000 | 00988nas a2200277 4500 | ||
|---|---|---|---|
| 001 | BR2012000582 | ||
| 003 | BR-BrBNA | ||
| 005 | 20231205120039.0 | ||
| 007 | ta | ||
| 008 | 230509b bl.|||p| |||| 00| 00por d | ||
| 040 |
_aBR-BrBNA _bpor _cBiblioteca Nacional de Agricultura |
||
| 041 | _a(En) | ||
| 072 | _aP10 | ||
| 100 | 1 | _aOliveira-Filho, E.C. | |
| 100 | 1 | _aRamos, M.G. | |
| 100 | 1 | _aFreire, I.S. | |
| 100 | 1 | _aMuniz, D.H. de F. | |
| 245 | 1 | _aComparison between the efficiency of two bioindicators for determining surface water quality in an urban environment | |
| 246 | 1 | _aComparison between the efficiency of two bioindicators for determining surface water quality in an urban environment | |
| 650 | _aQUALIDADE DA ÁGUA | ||
| 650 | _aLAGO | ||
| 650 | _aZONA URBANA | ||
| 773 | 0 |
_tActa Scientiarum. Biological Sciences (Brazil) _xISSN 1679-9283 _g(Jul-Sep 2011), v. 33(3) p. 311-317 _wBR2012000582 |
|
| 909 |
_a202311 _bLúcia _c55 _dLúcia Elande |
||
| 942 |
_2AGRIS _n0 _cANA |
||
| 999 |
_c216816 _d216816 |
||